| 000 | nam a22 4500 | ||
|---|---|---|---|
| 999 |
_c30033 _d30033 |
||
| 008 | 190128b xxu||||| |||| 00| 0 eng d | ||
| 020 | _a9789966255257 | ||
| 020 | _a9789966255259 | ||
| 040 | _aMksu | ||
| 041 | _aEN | ||
| 050 |
_aPN 1997 _b.I27 2007 |
||
| 100 | _aIbsen, Henrik | ||
| 245 | _aAn enemy of the people / | ||
| 260 |
_aNairobi : _bEast African Educational Publishers, _c2007. |
||
| 300 |
_aix, 109 p. ; _c18cm. |
||
| 650 |
_aTheater _xplay _yDrama |
||
| 942 |
_2lcc _cBOOKS _hPN 1997 .I27 2007 _08 |
||